[Event "GER-chT U16"]
[Site "Berlin"]
[Date "2005.12.30"]
[Round "7.1"]
[White "Berwanger, Tobias"]
[Black "Gebhardt, Martin"]
[Result "1/2-1/2"]
[WhiteElo "1594"]
[BlackElo "2027"]
[PlyCount "28"]
[EventDate "2005.12.27"]
[EventType "team-swiss"]
[EventRounds "7"]
[EventCountry "GER"]
[SourceTitle "EXT 2022"]
[Source "ChessBase"]
[SourceDate "2021.10.06"]
[SourceVersion "1"]
[SourceVersionDate "2021.10.06"]
[SourceQuality "1"]
[WhiteTeam "Hoerden U16"]
[BlackTeam "Apolda TSG U16"]
[WhiteTeamCountry "GER"]
[BlackTeamCountry "GER"]

1. c4 Nf6 2. Nc3 e6 3. g3 Bb4 4. Bg2 0-0 5. Nf3 d5 6. cxd5 exd5 7. d4 c6 8. 0-0 Re8 9. e3 Nbd7 10. Bd2 Nf8 11. Rc1 a5 12. a3 Bd6 13. Na4 Ne4 14. Nc5 Bxc5 1/2-1/2

[Event "GER-chT U16"]
[Site "Berlin"]
[Date "2005.12.29"]
[Round "5.1"]
[White "Kanevski, Vladyslav"]
[Black "Gebhardt, Martin"]
[Result "1-0"]
[WhiteElo "1728"]
[BlackElo "2027"]
[PlyCount "101"]
[EventDate "2005.12.27"]
[EventType "team-swiss"]
[EventRounds "7"]
[EventCountry "GER"]
[SourceTitle "EXT 2022"]
[Source "ChessBase"]
[SourceDate "2021.10.06"]
[SourceVersion "1"]
[SourceVersionDate "2021.10.06"]
[SourceQuality "1"]
[WhiteTeam "Koeln Muelheim U16"]
[BlackTeam "Apolda TSG U16"]
[WhiteTeamCountry "GER"]
[BlackTeamCountry "GER"]

1. d4 e6 2. Nf3 Nf6 3. Bf4 b6 4. e3 Bb7 5. Bd3 d5 6. h3 Nbd7 7. Nbd2 Bd6 8. 0-0 0-0 9. Qe2 Re8 10. Ne5 Bxe5 11. dxe5 Ne4 12. f3 Nxd2 13. Qxd2 Nc5 14. Bh2 Nxd3 15. cxd3 Ba6 16. Rad1 c5 17. Rf2 Rc8 18. e4 dxe4 19. dxe4 Qc7 20. Qe3 c4 21. Rc2 Qc5 22. Kf2 Bb5 23. Qxc5 Rxc5 24. Ke3 Ba4 25. b3 cxb3 26. Rxc5 bxc5 27. axb3 Bxb3 28. Ra1 Ra8 29. Ra6 c4 30. Kd2 h6 31. Bg1 Kh7 32. Bc5 Kg6 33. Be7 Kh7 34. f4 Rc8 35. Kc3 Rc7 36. Bd6 Rb7 37. Bc5 Bd1 38. Kd2 Bb3 39. Ra1 Rc7 40. Bd4 Kg8 41. Kc3 Kf8 42. Bxa7 Rd7 43. Bc5+ Kg8 44. Bd6 f6 45. Ra8+ Kf7 46. f5 g6 47. Rf8+ Kg7 48. exf6+ Kh7 49. fxe6 Rxd6 50. e7 Ba4 51. f7 1-0

[Event "GER-chT Lands U20"]
[Site "Bad Sulza"]
[Date "2004.11.18"]
[Round "6.1"]
[White "Ihl, Thomas"]
[Black "Gebhardt, Martin"]
[Result "0-1"]
[WhiteElo "1774"]
[BlackElo "1789"]
[PlyCount "90"]
[EventDate "2004.11.15"]
[EventType "team-swiss"]
[EventRounds "7"]
[EventCountry "GER"]
[SourceTitle "EXT 2006"]
[Source "ChessBase"]
[SourceDate "2005.11.24"]
[SourceVersion "1"]
[SourceVersionDate "2005.11.24"]
[SourceQuality "1"]

1. e4 e6 2. d3 d5 3. Nd2 Nf6 4. g3 c5 5. Bg2 Nc6 6. Ngf3 Be7 7. 0-0 Qc7 8. Re1 b6 9. e5 Nd7 10. Qe2 Bb7 11. Nf1 h6 12. h4 0-0-0 13. Bf4 Rdg8 14. Qd2 Qd8 15. h5 g5 16. hxg6 fxg6 17. d4 g5 18. Be3 g4 19. N3h2 Qf8 20. c4 cxd4 21. Bf4 Bb4 22. Qc2 Bxe1 23. cxd5 Bxf2+ 24. Qxf2 exd5 25. e6 Nf6 26. Rc1 Qe7 27. Qxd4 Qxe6 28. Be5 Rf8 29. Bxf6 Qxf6 30. Qxd5 h5 31. Ne3 Qf2+ 32. Kh1 Qxe3 33. Rxc6+ Bxc6 34. Qxc6+ Kd8 35. Qd6+ Ke8 36. Bc6+ Kf7 37. Qd7+ Kf6 38. Bd5 Qe1+ 39. Kg2 Qe2+ 40. Kg1 Qe7 41. Qc6+ Kg7 42. Qc3+ Rf6 43. b4 Rd8 44. Bb3 Qd6 45. Qc2 Qxg3+ 0-1

[Event "GER-chT Lands U20"]
[Site "Bad Sulza"]
[Date "2004.11.16"]
[Round "3.1"]
[White "Moeller, Hendrik"]
[Black "Gebhardt, Martin"]
[Result "1-0"]
[WhiteElo "2106"]
[BlackElo "1789"]
[PlyCount "67"]
[EventDate "2004.11.15"]
[EventType "team-swiss"]
[EventRounds "7"]
[EventCountry "GER"]
[SourceTitle "EXT 2006"]
[Source "ChessBase"]
[SourceDate "2005.11.24"]
[SourceVersion "1"]
[SourceVersionDate "2005.11.24"]
[SourceQuality "1"]

1. e4 e6 2. d4 d5 3. Nc3 Bb4 4. e5 c5 5. a3 Bxc3+ 6. bxc3 Ne7 7. Qg4 Qc7 8. Qxg7 Rg8 9. Qxh7 cxd4 10. Ne2 Nbc6 11. f4 Bd7 12. Qd3 dxc3 13. Nxc3 a6 14. g3 Na5 15. Ne2 Nf5 16. a4 b5 17. Bh3 Ne7 18. Ba3 Nc4 19. 0-0 a5 20. Bxe7 Kxe7 21. axb5 Bxb5 22. Nd4 Ba6 23. Rfe1 Qc5 24. Qc3 Rac8 25. Kh1 Qa7 26. f5 Nxe5 27. Qa3+ Kf6 28. Qe3 Nc4 29. Qh6+ Ke7 30. Qh4+ Kd7 31. fxe6+ Kc7 32. exf7 Rh8 33. Re7+ Kb6 34. Qf6+ 1-0

[Event "GER-chT U16"]
[Site "Greifswald"]
[Date "2003.12.28"]
[Round "3.2"]
[White "Gebhardt, Martin"]
[Black "Nurovic, Semir"]
[Result "1-0"]
[WhiteElo "1635"]
[BlackElo "1500"]
[PlyCount "55"]
[EventDate "2003.12.27"]
[EventType "team-swiss"]
[EventRounds "7"]
[EventCountry "GER"]
[SourceTitle "EXT 2022"]
[Source "ChessBase"]
[SourceDate "2021.10.06"]
[SourceVersion "1"]
[SourceVersionDate "2021.10.06"]
[SourceQuality "1"]
[WhiteTeam "Apolda TSG U16"]
[BlackTeam "Wermelskirchen U16"]
[WhiteTeamCountry "GER"]
[BlackTeamCountry "GER"]

1. e4 c5 2. Nc3 d6 3. g3 Nf6 4. Bg2 Nc6 5. d3 e6 6. Nh3 d5 7. 0-0 Be7 8. f4 dxe4 9. Nxe4 Nd5 10. Kh1 e5 11. f5 Nd4 12. g4 h5 13. gxh5 Nxf5 14. Qf3 Nf6 15. h6 Nxh6 16. Bxh6 Rxh6 17. Nxf6+ Bxf6 18. Ng5 Qc7 19. Ne4 Bd8 20. Nxc5 f5 21. Qd5 e4 22. Qg8+ Ke7 23. Qxg7+ Ke8 24. Qxh6 Qxc5 25. dxe4 Qxc2 26. exf5 Bxf5 27. Rfe1+ Kf7 28. Bd5+ 1-0

[Event "GER-chT U16"]
[Site "Greifswald"]
[Date "2003.12.27"]
[Round "1.2"]
[White "Gebhardt, Martin"]
[Black "Krug, Kevin"]
[Result "0-1"]
[WhiteElo "1635"]
[BlackElo "1946"]
[PlyCount "52"]
[EventDate "2003.12.27"]
[EventType "team-swiss"]
[EventRounds "7"]
[EventCountry "GER"]
[SourceTitle "EXT 2022"]
[Source "ChessBase"]
[SourceDate "2021.10.06"]
[SourceVersion "1"]
[SourceVersionDate "2021.10.06"]
[SourceQuality "1"]
[WhiteTeam "Apolda TSG U16"]
[BlackTeam "Koeln Muelheim U16"]
[WhiteTeamCountry "GER"]
[BlackTeamCountry "GER"]

1. e4 Nc6 2. d4 d5 3. e5 f6 4. Bd3 Nxd4 5. Qh5+ g6 6. Bxg6+ hxg6 7. Qxh8 Kf7 8. Qh7+ Bg7 9. Na3 fxe5 10. c3 Nf6 11. Qh4 Nf5 12. Qa4 Qd6 13. Nf3 e4 14. Nb5 Qb6 15. Ne5+ Kg8 16. Nd4 c5 17. Ne2 Nh4 18. 0-0 Qe6 19. Bg5 Nxg2 20. Kxg2 Qxe5 21. h4 Bg4 22. Nf4 Bf3+ 23. Kg1 Qf5 24. Kh2 Nh5 25. Ng2 Be5+ 26. Kg1 Qg4 0-1